| 000 | 01206nam a2200229Ia 4500 | ||
|---|---|---|---|
| 001 | L103-579 | ||
| 003 | IT-CnALBA | ||
| 008 | 170116s9999||||xx |||||||||||||| ||und|| | ||
| 040 |
_aIT-CnALBA _cIT-CnALBA |
||
| 041 | _aITALIANO | ||
| 100 | _aAA. VV. | ||
| 245 | 0 | _aGRANDE ANTOLOGIA FILOSOFICA VOL. II PENSIERO CLASSICO. | |
| 250 | _a2a ed. | ||
| 260 |
_a MILANO - COMO _bMARZORATI CARLO EDITORE _c1954 [1° Ed.: n.d.] |
||
| 300 | _a926 p. | ||
| 500 | _aDIREZIONE PADOVANI U. COORDINATORE MOSCHETTI M. PENSIERO CLASSICO: RELIGIONE ESTETICA. CONCETTO DELLA STORIA NELLA FILOSOFIA GRECA. LA SCIENZA NELL'ANTICHITÀ CLASSICA. PENSIERO CLASSICO:PEDAGOGIA POLITICA DIRITTO. POLITICA E DIRITTO NELLA FILOSOFIA ROMANA | ||
| 501 | _aSocietà San Paolo EM - Piazza San Paolo, 14 - 12051 ALBA (CN) (non commercial uses only) ® Copyright 2017 | ||
| 520 | _aDIREZIONE PADOVANI U. COORDINATORE MOSCHETTI M. PENSIERO CLASSICO: RELIGIONE ESTETICA. CONCETTO DELLA STORIA NELLA FILOSOFIA GRECA. LA SCIENZA NELL'ANTICHITÀ CLASSICA. PENSIERO CLASSICO:PEDAGOGIA POLITICA DIRITTO. POLITICA E DIRITTO NELLA FILOSOFIA ROMANA | ||
| 650 | _aDIZIONARI ED ENCICLOPEDIE DI FILOSOFIA | ||
| 942 | _cBK | ||
| 957 | _71 | ||
| 999 |
_a678 _bNO _g Copie: 2 _c259815 _d259815 |
||